Normal view MARC view

Entry Personal Name

Number of records used in: 1

001 - CONTROL NUMBER

  • control field: 772231

003 - CONTROL NUMBER IDENTIFIER

  • control field: OSt

005 - DATE AND TIME OF LATEST TRANSACTION

  • control field: 20250508162056.0

008 - FIXED-LENGTH DATA ELEMENTS

  • fixed length control field: 250508|| aca||aabn | a|a d

040 ## - CATALOGING SOURCE

  • Original cataloging agency: OSt
  • Transcribing agency: OSt

100 ## - HEADING--PERSONAL NAME

  • Personal name: Shantha Krishnan

670 ## - SOURCE DATA FOUND

  • Source citation: Work cat.: (OSt)1374230: Shantha Krishnan, Need assessment of adult learners of disadvantaged groups in nonformal education with particular reference to the artisan group of potters, 1980
Copyright @ Delhi University Library System